My favorite player from every NFL team - Statistics

General Stats
  • This quiz has been taken 24 times
    8 since last reset
  • The average score is 26 of 32
Answer Stats
Team POS. Player % Correct
DET WR Amon-Ra St. Brown
100%
DAL QB Dak Prescott
100%
ARI WR DeAndre Hopkins
100%
CHI WR D.J. Moore
100%
GBP CB Jaire Alexander
100%
CIN WR Ja'Marr Chase
100%
LAC CB J.C. Jackson
100%
DEN WR Jerry Jeudy
100%
IND RB Jonathan Taylor
100%
BUF QB Josh Allen
100%
BAL QB Lamar Jackson
100%
CLE RB Nick Chubb
100%
KAN QB Patrick Mahomes
100%
TBB QB Baker Mayfield
83%
NOS WR Chris Olave
83%
LAR WR Cooper Kupp
83%
ATL RB Cordarrelle Patterson
83%
SEA WR DK Metcalf
83%
SFF TE George Kittle
83%
MIN WR Justin Jefferson
83%
NEP QB Mac Jones
83%
PIT RB Najee Harris
83%
NYG RB Saquon Barkley
83%
NYJ CB Sauce Gardner
83%
WAS WR Terry McLaurin
83%
MIA WR Tyreek Hill
83%
LVR WR Davante Adams
67%
PHI CB Darius Slay
50%
HOU CB Derek Stingley
50%
TEN CB Kristian Fulton
33%
CAR WR Terrace Marshall
33%
JAX DE K'Lavon Chaisson
17%
No matching quizzes found
Score Distribution
Percent of People with Each Score
Percentile by Number Answered
Your Score History
You have not taken this quiz since the last reset